[Event "IND-ch Women 2019"]
[Site "Karaikkudi"]
[Date "2019.07.27"]
[Round "11.2"]
[White "Mrudul Dehankar"]
[Black "Vantika Agrawal"]
[Result "1/2-1/2"]
[WhiteElo "2074"]
[BlackElo "2243"]
[Annotator "TA"]
[PlyCount "157"]
[EventDate "2019.07.19"]
[EventType "swiss"]
[EventCountry "IND"]
[SourceTitle "playchess.com"]
[Source "ChessBase"]
[SourceQuality "1"]

{[%evp 23,157,44,47,0,0,0,12,16,70,15,4,-36,-31,-39,-47,-31,-35,-46,-53,-41,-49,-41,-28,-45,-47,-83,-69,-129,-29,-29,-24,-24,-25,-25,-30,-28,-29,-127,-14,-57,-62,-136,-62,-120,-124,-75,-78,-129,-112,-115,-116,-113,-20,-285,-285,-336,-285,-285,-270,-270,-270,-270,-270,-263,-263,-263,-263,-263,-262,-258,-258,-247,-194,-194,-194,-194,-194,-194,-194,-194,-194,-194,-194,-387,-387,-387,-379,-379,-371,-371,-135,-142,-127,-127,-130,-149,-80,-149,-149,-149,-149,-149,-149,-371,-371,-371,-368,-333,0,-370,0,-369,-302,-335,-316,-290,-199,-206,-194,-194,-194,-194,-194,-194,-149,-149,0,-194,-194,-194,-194,-194,-149,-149,-149,-150]} 1. e4 c5 2. Nf3 Nc6 3. d4 cxd4 4. Nxd4 Nf6 5. Nc3 e5 6. Ndb5 d6 7. Bg5 a6 8. Na3 b5 9. Bxf6 gxf6 10. Nd5 f5 11. Bd3 Be6 12. c3 Bg7 13. Nxb5 {B33: Sicilian: Pelikan and Sveshnikov Variations} axb5 14. Bxb5 Bd7 15. exf5 {The position is equal.} Nb8 (15... Rb8 $11 16. a4 Rg8) (15... O-O 16. O-O e4 17. a4 Re8 18. Qg4 Kh8 19. Qf4 Be5 20. Qh6 Rc8 {0-1 (28) Tari,A (2593)-Zhigalko,S (2641) Katowice 2017}) 16. Qg4 (16. a4 $1 $14) 16... Kf8 $132 {[%mdl 2048] Black is not keeping still} 17. Bd3 h5 18. Qf3 Bc6 19. Be4 Nd7 20. O-O Nc5 21. b4 $146 ({Predecessor:} 21. Rfd1 Qh4 22. Bc2 {1-0 (34) Messa,R (2350)-Pangrazzi,M (2260) Rome 1982}) 21... Nxe4 22. Qxe4 Bh6 23. Rfd1 Rg8 24. h3 {[#]} Bf4 $1 {[%mdl 512]} 25. b5 ({White should play} 25. c4 $15) (25. Nxf4 Bxe4) 25... Bxb5 (25... Qh4 $1 $17 {aiming for ...Bh2+!} 26. Qb4 (26. bxc6 $2 Bh2+ {[%mdl 64] Discovered Attack} 27. Kxh2 Qxe4 $19) 26... Bxd5 27. Qxd6+ Kg7 28. Qxd5 Rae8) 26. Nxf4 $11 exf4 27. a4 Be8 28. Qxf4 Qg5 {[%csl Gg8][%cal Rg5g2]} 29. Qxd6+ Kg7 30. Qd5 (30. a5 $11 {remains equal.}) 30... Rc8 (30... Bxa4 $17 {And now ...Rad8 would win.} 31. Rdc1 Qf6) 31. Rd3 {Threatens to win with Rg3!} (31. f6+ $5 Qxf6 32. Qxh5 $11) 31... Bc6 32. Qe5+ (32. Rg3 $15 Bxd5 33. Rxg5+ Kf6 34. Rxg8 Rxg8 35. g3) 32... f6 (32... Kh7 $1 $17 {[%csl Gc6,Gg8][%cal Rg5g2]} 33. g3 Rge8) 33. Qg3 (33. Rg3 $15 fxe5 34. Rxg5+ Kf6 35. Rxg8 Rxg8 36. g3) 33... Kf7 $1 $17 34. Qxg5 Rxg5 35. g3 (35. Rg3 $142) 35... Rxf5 36. a5 Ra8 37. a6 {[#]} Re5 (37... Ra7 $1 $17 38. f4 Rc5) 38. Rd6 $2 {[%mdl 8192] [#]} (38. a7 $11 {and White has nothing to worry.}) 38... Rxa6 $1 $19 {[%mdl 512]} 39. Rb1 {[#]} (39. Rxa6 $2 {leads to mate.} Re1+ 40. Kh2 Rh1#) 39... Rb6 $1 {[%mdl 512]} 40. Rc1 (40. Rxb6 $2 {gets mated.} Re1+ 41. Kh2 Rh1#) 40... Ke7 41. Rd2 Rb3 42. Kh2 Rc5 43. c4 Rb4 44. Rdc2 Bd7 45. Re1+ Be6 46. Rce2 Rb6 47. g4 hxg4 48. hxg4 Rxc4 49. f3 Kf7 50. Kg3 Rc3 51. Re3 Rxe3 52. Rxe3 {[%mdl 4096] Endgame KRB-KR} Rb3 53. Re1 $2 (53. Re4 {was the only chance.}) 53... Bd5 54. Rf1 Kg6 55. Kf4 Rb4+ 56. Kg3 Kg5 $2 (56... Rd4 $19 {is more deadly.} 57. f4 Rd3+ 58. Kh2 Re3) 57. Rd1 $17 Bb7 {...Rb3 is the strong threat.} 58. Rd3 Kg6 59. Rc3 Kf7 ({Black should try} 59... Rb1 {White must now prevent ...Rg1+.} 60. Rd3 Bc8) 60. Re3 (60. Rc7+ $142 Kg6 61. Rc3) 60... Bd5 61. Rd3 Ke6 62. Re3+ Kd6 63. Re1 $2 (63. Kh4 $17) 63... Rb3 $19 64. Rf1 Ke6 65. Re1+ Kf7 66. Rf1 Kg6 67. Kf4 $1 Rc3 68. Rf2 Bc6 69. Rf1 Rc4+ 70. Kg3 Kg5 {Strongly threatening ...Rc3.} 71. Ra1 Rc3 72. Ra5+ Kg6 73. Rf5 Rc2 74. Ra5 Rc3 75. Rf5 Rb3 {Black is clearly better.} 76. Rf4 Bb5 77. Re4 Rb2 78. Kf4 Ra2 79. Re3 {Accuracy: White = 36%, Black = 52%.} 1/2-1/2

[Event "IND-ch Women 2019"]
[Site "Karaikkudi"]
[Date "2019.07.27"]
[Round "11.3"]
[White "Nandhidhaa, P V"]
[Black "Divya Deshmukh"]
[Result "0-1"]
[WhiteElo "2259"]
[BlackElo "2373"]
[Annotator "TA"]
[PlyCount "100"]
[EventDate "2019.07.19"]
[EventType "swiss"]
[EventCountry "IND"]
[SourceTitle "playchess.com"]
[Source "ChessBase"]
[SourceQuality "1"]

{[%evp 18,100,26,9,14,0,0,-13,-16,-30,-21,-17,-29,-97,-76,-101,-70,-86,0,0,-8,-7,-19,-106,-112,-137,-93,-154,-175,-213,-202,-183,-180,-194,-173,-153,-31,-81,-87,-66,-51,-38,0,-37,-58,-231,-210,-410,-407,-384,-389,-483,-459,-475,-472,-503,-479,-426,-406,-506,-497,-1159,-1145,-1196,-1160,-1026,-802,-1048,-1046,-1397,-1280,-1278,-1181,-1464,-1403,-1279,-1144,-29970,-29963,-29990,-29991,-29991,-29991,-29990,-29991]} 1. e4 c5 2. Nf3 d6 3. d4 cxd4 4. Nxd4 Nf6 5. Nc3 Nc6 6. f3 e5 7. Nb3 Be7 8. Be3 Be6 9. Nd5 O-O 10. Qd2 a5 {[%cal Ba7a5,Ba5a4][%mdl 32] B56: Classical Sicilian: Unusual Lines} 11. Bb6 Qb8 (11... Qd7 12. Bb5 Bd8 13. Bxa5 Bxa5 14. Nxf6+ gxf6 15. Nxa5 Rxa5 16. Qxa5 Nxa5 17. Bxd7 Bxd7 18. O-O-O {1-0 (60) Lu,S (2635)-Karthikeyan,M (2604) Bhubaneswar 2018}) 12. Nc7 a4 {The position is equal.} 13. Nxa8 Qxa8 14. Nc1 $146 ({Predecessor:} 14. Na5 d5 15. Nxc6 bxc6 16. Bd3 dxe4 17. fxe4 c5 18. O-O {0-1 (31) Khamidov,K (2090)-Stremavicius,T (2221) Wroclaw 2012}) 14... d5 15. Bb5 (15. Bd3 $11) 15... a3 $17 16. bxa3 Qxa3 17. Nb3 d4 ({Black should play} 17... dxe4 $17 {Hoping for ...Bxb3.} 18. O-O Nd5) 18. O-O $11 Nd7 19. Ba5 Ra8 $36 {[%cal Rc6a5][%mdl 2048] White is under pressure.} 20. Bxc6 (20. Bc7 $11 {remains equal.}) 20... bxc6 $17 21. f4 c5 {[%mdl 1024] Black has strong compensation.} 22. f5 (22. fxe5 $142 c4 23. Nxd4 Qxa5 24. Qxa5 Rxa5 25. Nxe6 fxe6 26. a4) 22... Bc4 23. Rfc1 Bb5 24. c4 Bc6 25. Qe1 Bd6 26. Rc2 Ba4 ({Black should try} 26... Nf6 $17 27. Re2 Rb8) 27. Qc1 Qxc1+ 28. Rcxc1 Bc6 29. Re1 h6 30. Kf2 h5 31. Kf3 $2 (31. Kg1 $15) 31... g6 $19 32. g4 $2 (32. fxg6 {was worth a try.} f5 33. a4) 32... hxg4+ 33. Kxg4 Nf6+ {[%mdl 64] [#] Double Attack} 34. Kh3 Nxe4 35. fxg6 f5 36. Bb6 Kg7 37. Rxe4 Bxe4 38. Nxc5 Bc6 {And now ...Rh8+ would win.} 39. Nd3 {[#]} (39. Kg3 $142 Kxg6 40. Nb3) 39... Ra3 $1 {[%mdl 512]} 40. Rd1 Be4 41. c5 Bb8 ({Less strong is} 41... Rxd3+ 42. Rxd3 Bxc5 43. Bxc5 $17) 42. c6 Bxd3 43. Kh4 Be2 {( -> ...Bg4)} 44. Rg1 Rc3 45. Bd8 Rxc6 46. Rb1 d3 {Strongly threatening ...d2.} 47. Rxb8 d2 {Black mates.} 48. Kg5 Rxg6+ 49. Kxf5 d1=Q 50. Rb7+ Kh6 {Accuracy: White = 20%, Black = 75%.} 0-1

[Event "IND-ch Women 2019"]
[Site "Karaikkudi"]
[Date "2019.07.27"]
[Round "11.4"]
[White "Ramaswamy, Aarthie"]
[Black "Srija, Seshadri"]
[Result "0-1"]
[WhiteElo "2020"]
[BlackElo "2306"]
[Annotator "NA RC"]
[PlyCount "97"]
[EventDate "2019.07.19"]
[EventType "swiss"]
[EventCountry "IND"]
[SourceTitle "playchess.com"]
[Source "ChessBase"]
[SourceQuality "1"]
[TimeControl "40/5400+30:1800+30"]

1. e4 {[%emt 0:01:12]} e5 {[%emt 0:00:00]} 2. Nf3 {[%emt 0:00:08]} Nc6 {[%emt 0:00:00]} 3. Bb5 {[%emt 0:00:03]} a6 {[%emt 0:00:00]} 4. Ba4 {[%emt 0:00:04]} g6 {[%emt 0:00:12]} 5. O-O {[%emt 0:09:27]} Bg7 {[%emt 0:00:15]} 6. c3 {[%emt 0:00:55]} b5 {[%emt 0:01:14]} 7. Bb3 {[%emt 0:00:31]} Nge7 {[%emt 0:00:50]} 8. d4 {[%emt 0:01:44]} exd4 {[%emt 0:00:19] C60: Ruy Lopez: Unusual Black 3rd moves and 3...g6} 9. cxd4 {[%emt 0:00:34]} O-O {[%emt 0:00:32]} 10. d5 {[%emt 0:09:36]} (10. Nc3 d6 11. h3 Na5 12. Bc2 c5 13. dxc5 dxc5 14. Qxd8 Rxd8 {0-1 (65) Vachier Lagrave,M (2789)-Mamedyarov,S (2808) Leuven 2018}) 10... Na5 $1 {[%emt 0:00:09]} 11. Bd2 {[%emt 0:01:00]} Nxb3 {[%emt 0:04:53]} ({Reject} 11... Bxb2 $6 12. Bxa5 Bxa1 13. Nc3 $16) 12. Qxb3 {[%emt 0:00:48]} c5 {[%emt 0:00:16]} 13. dxc6 {[%emt 0:18:25]} dxc6 {[%emt 0:00:32]} 14. Bc3 {[%emt 0:00:11]} Be6 {[%emt 0:08:54]} 15. Qc2 {[%emt 0:04:42]} f6 $146 {[%emt 0:03:32]} ({Predecessor:} 15... Bxc3 16. Nxc3 {½-½ (26) Padmini,R (2374)-Karavade,E (2421) Delhi 2016}) 16. Rd1 {[%emt 0:05:18]} Qc7 {[%emt 0:02:18]} 17. Nd4 {[%emt 0:00:04]} Bf7 {[%emt 0:00:13]} 18. Bb4 {[%emt 0:00:07]} Rac8 {[%emt 0:00:48]} 19. Bc5 {[%emt 0:04:35]} Rfe8 {[%emt 0:14:20]} 20. Nd2 {[%emt 0:04:28]} f5 {[%emt 0:04:53]} 21. exf5 {[%emt 0:05:07]} Bxd4 {[%emt 0:00:33]} 22. Bxd4 {[%emt 0:06:14]} Nxf5 {[%emt 0:00:08]} 23. Ne4 {[%emt 0:02:10]} Nxd4 {[%emt 0:06:28]} 24. Rxd4 {[%emt 0:10:38]} Qe5 {[%emt 0:00:14]} 25. Qc5 {[%emt 0:01:10]} Qxc5 {[%emt 0:03:23]} 26. Nxc5 {[%emt 0:00:02]} Re2 {[%emt 0:00:17]} 27. b4 {[%emt 0:03:48]} Rc2 {[%emt 0:07:32]} 28. h4 {[%emt 0:02:24]} a5 {[%emt 0:04:59]} 29. a3 {[%emt 0:01:02]} Bd5 {[%emt 0:36:46]} 30. Re1 {[%emt 0:05:44]} Rf8 {[%emt 0:00:00]} 31. f3 {[%emt 0:00:01]} axb4 {[%emt 0:00:00]} 32. axb4 {[%emt 0:00:02]} Ra8 {[%emt 0:00:00]} 33. Nd7 {[%emt 0:01:56]} Raa2 {[%emt 0:00:00]} 34. Nf6+ {[%emt 0:00:01] [#]} (34. Rg4 $1 $11) 34... Kf7 $1 {[%emt 0:00:00]} 35. Nxd5 {[%emt 0:00:21]} Rxg2+ {[%emt 0:00:00]} ({And not} 35... cxd5 36. Rf4+ Kg8 37. Re8+ Kg7 38. Re7+ Kg8 39. Rg4 $14) 36. Kh1 {[%emt 0:00:07]} cxd5 {[%emt 0:00:00]} 37. Rxd5 {[%emt 0:01:31]} Rh2+ {[%emt 0:00:00]} 38. Kg1 {[%emt 0:00:00]} Rag2+ {[%emt 0:00:00]} 39. Kf1 {[%emt 0:00:02]} Rb2 {[%emt 0:00:00]} 40. Kg1 {[%emt 0:00:00]} Rxh4 {[%emt 0:00:00]} 41. Rxb5 {[%emt 0:06:00]} Rhh2 $11 {[%emt 0:00:00]} (41... Rhxb4 $17 42. Rxb4 Rxb4) 42. Rc1 {[%emt 0:14:02]} Rhg2+ {[%emt 0:00:56]} 43. Kh1 {[%emt 0:07:28]} h5 {[%emt 0:05:13]} 44. f4 {[%emt 0:01:47]} Rgf2 {[%emt 0:00:50]} 45. f5 {[%emt 0:03:54]} Rxf5 {[%emt 0:07:58]} 46. Rxf5+ {[%emt 0:02:01]} gxf5 {[%emt 0:00:01]} 47. Rc7+ {[%emt 0:01:28]} Kg6 {[%emt 0:01:03]} 48. Rb7 {[%emt 0:00:26]} Kg5 {[%emt 0:01:03]} 49. Kg1 {[%emt 0:01:12]} 0-1

[Event "IND-ch Women 2019"]
[Site "Karaikkudi"]
[Date "2019.07.27"]
[Round "11.5"]
[White "Mohota, Nisha"]
[Black "Priyanka, Kumari"]
[Result "1-0"]
[WhiteElo "2221"]
[BlackElo "1991"]
[Annotator "TA"]
[PlyCount "59"]
[EventDate "2019.07.19"]
[EventType "swiss"]
[EventCountry "IND"]
[SourceTitle "playchess.com"]
[Source "ChessBase"]
[SourceQuality "1"]

{[%evp 9,67,24,26,21,39,35,33,38,33,28,27,31,41,35,29,25,27,25,32,10,22,10,10,-22,0,-25,44,0,41,31,72,69,75,27,211,186,314,305,404,303,298,305,272,280,854,850,927,918,845,789,1197,1261,2158,2123,29990,29991,29991,29992,29995,29995]} 1. e4 c5 2. Nf3 d6 ({Predecessor:} 2... a6 3. c3 d6 4. d4 Nd7 5. Bc4 b5 6. Bb3 Bb7 7. O-O c4 8. Bc2 Ngf6 9. Re1 e5 10. a4 {1-0 (50) Alzate,D (2430)-Tovio,I Cartagena 2001}) 3. Bb5+ Nd7 4. O-O a6 5. Bd3 Ngf6 6. Re1 $146 {B51: Sicilian: Moscow Variation (3 Bb5+) without 3...Bd7} (6. c3 b5 7. a4 c4 8. Be2 Bb7 9. axb5 axb5 10. Rxa8 Bxa8 11. Na3 Bxe4 12. Nxb5 d5 {½-½ (65) Harikrishna,P (2723)-Giri,A (2797) Shenzhen 2019}) 6... e5 7. c3 b5 8. a4 {White is slightly better.} c4 9. Bc2 Bb7 10. d4 Be7 11. Nbd2 O-O 12. Nf1 Re8 13. Ng3 g6 14. b3 Qc7 15. bxc4 bxc4 16. h4 h5 17. Ng5 Nh7 (17... d5 $11) 18. f4 exf4 19. Bxf4 Nxg5 20. hxg5 Qa5 21. Rb1 Bc8 $2 (21... Rab8 $1 $11) 22. Nf5 $18 Bf8 (22... gxf5 $142 23. exf5 Nf8) 23. Qf3 (23. Nxd6 $6 Bxd6 24. Bxd6 Qxc3 $16) 23... d5 (23... gxf5 24. exf5 Bb7 25. Rxb7 (25. Qxb7 Qxc3 26. Rxe8 Rxe8 $16)) 24. Nd6 Bxd6 25. Bxd6 Nf8 26. Rf1 ({Don't play} 26. exd5 $6 Bg4 $16) 26... Be6 $2 {[#]} (26... Ra7 27. Bc5 (27. exd5 Bg4 $16) 27... Rd7 28. exd5 Bb7 29. Bxf8 Rxf8 30. Bxg6 {[%mdl 64] Pin} Qxd5) 27. Rb7 $1 Nh7 28. Be5 {[%cal Rb7f7]} Rf8 29. Qg3 Qd8 {[#]} 30. exd5 {Played: Rf1-f6} 1-0

[Event "IND-ch Women 2019"]
[Site "Karaikkudi"]
[Date "2019.07.27"]
[Round "11.6"]
[White "Harshita Guddanti"]
[Black "Bala Kannamma P"]
[Result "1-0"]
[WhiteElo "2078"]
[BlackElo "2051"]
[Annotator "NA RC"]
[PlyCount "123"]
[EventDate "2019.07.19"]
[EventType "swiss"]
[EventCountry "IND"]
[SourceTitle "playchess.com"]
[Source "ChessBase"]
[SourceQuality "1"]
[TimeControl "40/5400+30:1800+30"]

1. e4 {[%emt 0:00:11]} c5 {[%emt 0:00:00]} 2. Nf3 {[%emt 0:00:03]} e6 {[%emt 1:31:00]} 3. d4 {[%emt 0:00:05]} cxd4 {[%emt 0:00:00]} 4. Nxd4 {[%emt 0:00:03]} a6 {[%emt 0:00:00]} 5. Nc3 {[%emt 0:00:05]} Qc7 {[%emt 0:00:00]} 6. Bd3 {[%emt 0:00:38]} Nc6 {[%emt 0:00:00]} 7. Nxc6 {[%emt 0:00:06]} dxc6 {[%emt 0:00:00]} 8. O-O {[%emt 0:00:50]} Nf6 {[%emt 0:00:00]} 9. f4 {[%emt 0:00:36]} e5 {[%emt 0:00:00]} 10. Kh1 {[%emt 0:00:57]} Bd6 {[%emt 0:00:00] B43: Sicilian: Kan Variation: 5 Nc3} 11. f5 {[%emt 0:00:32]} b5 {[%emt 0:00:00]} 12. Bg5 {[%emt 0:08:04]} (12. a4 Bb7 13. Be3 h5 14. axb5 axb5 15. Rxa8+ Bxa8 16. Bxb5 Bb4 17. Nd5 Nxd5 18. Qxd5 {1-0 (33) Najer,E (2682)-Artemiev,V (2682) Sochi 2017}) 12... Bb7 {[%emt 0:00:00]} 13. a4 {[%emt 0:08:53]} b4 {[%emt 0:00:00]} 14. Bxf6 $146 {[%emt 0:06:57]} ({Predecessor:} 14. Nb1 Nd7 15. Nd2 a5 {½-½ (36) Rojas Fernandez,A (1991)-Parayre Soguero,J (1865) Barcelona 2018}) 14... gxf6 {[%emt 0:00:00]} 15. Nb1 {[%emt 0:00:53]} h5 {[%emt 0:00:00]} 16. Rf3 {[%emt 0:08:46]} h4 {[%emt 0:00:00]} 17. Rh3 {[%emt 0:03:20]} Ke7 {[%emt 0:00:00]} 18. Nd2 {[%emt 0:03:24]} a5 {[%emt 0:00:00]} 19. Qe1 {[%emt 0:06:11]} Bc5 {[%emt 0:00:00]} 20. Rxh4 {[%emt 0:05:41]} Bd4 {[%emt 0:00:00]} 21. Rb1 {[%emt 0:02:17]} Qb6 {[%emt 0:00:00]} 22. Rxh8 {[%emt 0:04:18]} Rxh8 {[%emt 0:00:00]} 23. Qg3 {[%emt 0:00:52]} Qd8 {[%emt 0:00:00]} 24. Nb3 {[%emt 0:10:54]} Bb6 {[%emt 0:00:00]} 25. Rd1 {[%emt 0:01:40]} Qf8 {[%emt 0:00:22]} 26. Bc4 {[%emt 0:05:18]} Bc8 {[%emt 0:10:41]} 27. Qd3 {[%emt 0:04:36]} Qd8 {[%emt 0:00:02]} 28. Qxd8+ {[%emt 0:02:57]} Bxd8 {[%emt 0:00:13]} 29. g3 {[%emt 0:00:44]} Bb6 {[%emt 0:00:20]} 30. Kg2 {[%emt 0:01:11]} Rf8 {[%emt 0:00:17]} 31. Nc1 {[%emt 0:02:45]} Bd4 {[%emt 0:00:31]} 32. b3 {[%emt 0:01:16]} Bb7 {[%emt 0:00:29]} 33. Ne2 {[%emt 0:00:19]} c5 {[%emt 0:00:43]} 34. Kf3 $18 {[%emt 0:01:37]} Rh8 {[%emt 0:01:00]} 35. h4 {[%emt 0:00:48]} Bc6 {[%emt 0:00:18]} 36. Rh1 {[%emt 0:06:51]} Kf8 {[%emt 0:00:19]} 37. g4 {[%emt 0:00:38]} Kg7 {[%emt 0:00:24]} 38. Ng3 {[%emt 0:00:38]} Kf8 {[%emt 0:00:44]} 39. g5 {[%emt 0:02:14]} fxg5 {[%emt 0:01:24]} 40. hxg5 {[%emt 0:00:00]} Rxh1 {[%emt 0:00:00]} 41. Nxh1 {[%emt 0:00:16]} Bc3 {[%emt 0:04:13]} 42. Bd5 {[%emt 0:09:07]} Bd7 {[%emt 0:01:00]} 43. Nf2 {[%emt 0:02:37]} Bd2 {[%emt 0:03:41]} 44. Kg4 {[%emt 0:02:29]} Be3 {[%emt 0:00:22]} 45. Nd3 {[%emt 0:01:12]} Bd4 {[%emt 0:00:03]} 46. Ne1 {[%emt 0:00:56]} Bc3 {[%emt 0:00:54]} 47. Nf3 {[%emt 0:00:26]} Kg7 {[%emt 0:00:59]} 48. Kh5 {[%emt 0:02:47]} f6 {[%emt 0:02:30]} 49. g6 {[%emt 0:06:08]} Bc8 {[%emt 0:00:06]} 50. Ng5 {[%emt 0:02:44]} Bd2 {[%emt 0:04:59]} 51. Ne6+ {[%emt 0:00:27]} Kh8 {[%emt 0:00:14]} 52. g7+ {[%emt 0:04:03]} Kh7 {[%emt 0:00:05]} 53. g8=Q+ {[%emt 0:00:59]} Kxg8 {[%emt 0:00:02]} 54. Kg6 {[%emt 0:00:10]} Be1 {[%emt 0:01:01]} 55. Kxf6 {[%emt 0:01:07]} Bxe6 {[%emt 0:00:11]} 56. Bxe6+ {[%emt 0:01:27]} Kf8 {[%emt 0:03:00]} 57. Kxe5 {[%emt 0:00:03]} Bg3+ {[%emt 0:01:21]} 58. Kd5 {[%emt 0:01:06]} Ke7 {[%emt 0:00:04]} 59. e5 {[%emt 0:00:34]} Bf2 {[%emt 0:00:19]} 60. f6+ {[%emt 0:00:36]} Kf8 {[%emt 0:00:08]} 61. Bg4 {[%emt 0:00:43]} Bd4 {[%emt 0:00:04]} 62. Bh5 {[%emt 0:00:13]} 1-0

[Event "IND-ch Women 2019"]
[Site "Karaikkudi"]
[Date "2019.07.27"]
[Round "11.7"]
[White "Gomes, Mary Ann"]
[Black "Varshini, V."]
[Result "1/2-1/2"]
[WhiteElo "2303"]
[BlackElo "2087"]
[Annotator "TA"]
[PlyCount "117"]
[EventDate "2019.07.19"]
[EventType "swiss"]
[EventCountry "IND"]
[SourceTitle "playchess.com"]
[Source "ChessBase"]
[SourceQuality "1"]

{[%evp 23,117,-1,22,6,91,94,92,95,79,19,11,20,20,26,11,9,9,12,17,7,8,10,19,0,18,15,28,13,22,0,0,0,62,15,18,0,10,0,0,0,0,0,0,-11,0,-75,0,0,0,0,0,0,0,0,0,0,0,-104,0,0,0,0,0,0,0,0,0,0,0,0,0,0,0,0,0,0,0,0,0,0,0,0,0,0,0,0,0,0,0,0,0,0,0,0,0,0]} 1. Nf3 d5 2. c4 e6 3. g3 Nf6 4. b3 Be7 5. Bg2 O-O 6. Bb2 c5 7. e3 Nc6 8. O-O b6 9. Nc3 Bb7 10. Qe2 Rc8 11. Rfd1 Qc7 12. Rac1 Rfd8 13. d4 {A14: English Opening: 1...e6 with b3 by White} (13. Ne1 d4 14. Nb5 Qd7 15. exd4 a6 16. dxc5 bxc5 17. Na3 Nb4 18. Bxb7 Qxb7 19. Ra1 Rd7 20. Nac2 a5 21. Nxb4 axb4 {½-½ (34) Cherniaev,A (2436)-Wegerle,J (2421) Hastings 2018}) 13... a6 (13... dxc4 $11 14. bxc4 a5) 14. cxd5 $146 ({Predecessor:} 14. Ne5 cxd4 15. Nxc6 dxc3 16. Nxe7+ Qxe7 17. Bxc3 dxc4 18. Rxd8+ Rxd8 19. Bxb7 Qxb7 20. Bxf6 {½-½ (20) Schmitt,C (1957)-Haack,K (1846) Frankfurt 2018}) 14... Nxd5 15. Nxd5 {White is better.} exd5 16. Nh4 ({Better is} 16. dxc5 $16 {Threatens to win with Nh4.} bxc5 17. Ne1) 16... Bxh4 $11 17. gxh4 cxd4 18. Qg4 Qd6 19. Bxd4 Nxd4 20. Qxd4 Rc5 21. b4 Rxc1 22. Rxc1 h6 23. a4 Qg6 {[#]} (23... Rc8 {looks sharper.} 24. Rxc8+ Bxc8 25. a5 bxa5 26. bxa5 Be6) 24. h5 $1 {[%mdl 512]} Qe6 (24... Qxh5 25. Qxb6) 25. h4 Rd7 26. a5 bxa5 27. bxa5 Qe7 ({Black should play} 27... Qf5 $11) 28. Rc5 Qd8 29. Kf1 Rd6 30. Qb4 (30. Bf3 {is interesting.} Bc6 31. Kg2 Bb7 32. Kg3 Qb8 33. Bg4) 30... Rc6 31. Rxc6 Bxc6 32. Kg1 Bb5 33. Kh2 Qc7+ 34. f4 {[#]} (34. Kh1 $11) 34... Qc1 (34... d4 $1 $17 {[%cal Rd4e3][%mdl 512]} 35. Qxd4 Qxa5) 35. Qe7 {With the idea Qd8+.} Qd2 36. Qd8+ Kh7 37. Qxd5 Qf2 38. Qf5+ Kg8 39. Qc8+ Kh7 40. Qh3 {[#]} (40. Qf5+ $11 {keeps the balance.} Kg8 41. Qc8+ Kh7 42. Qf5+) 40... Bf1 (40... Bd3 $1 $17) 41. Qf3 {The position is equal.} Qxh4+ 42. Kg1 Bxg2 (42... Bd3 {feels hotter.} 43. Qd1 Bf5 44. Qd5 Qe1+ 45. Kh2 Qh4+) 43. Kxg2 {[%mdl 4096] Endgame KQ-KQ} Qd8 44. Qe4+ Kg8 45. Qe5 Qd3 46. Kf2 f5 47. Qd4 Qc2+ 48. Kf3 Qc6+ 49. Kg3 Qb5 50. Qc3 Kh7 51. Kf2 Qd5 52. Qb4 Qh1 53. Qb6 Qh4+ 54. Kg2 Qg4+ 55. Kf1 Qd1+ 56. Kf2 Qd2+ 57. Kf1 Qd1+ 58. Kf2 Qd2+ 59. Kf1 {Accuracy: White = 56%, Black = 53%.} 1/2-1/2

[Event "IND-ch Women 2019"]
[Site "Karaikkudi"]
[Date "2019.07.27"]
[Round "11.8"]
[White "Meenakshi Subbaraman"]
[Black "Michelle Catherina, P."]
[Result "1-0"]
[WhiteElo "2163"]
[BlackElo "2226"]
[Annotator "TA"]
[PlyCount "65"]
[EventDate "2019.07.19"]
[EventType "swiss"]
[EventCountry "IND"]
[SourceTitle "playchess.com"]
[Source "ChessBase"]
[SourceQuality "1"]

{[%evp 9,65,12,30,0,6,-3,-2,0,8,0,0,0,0,0,9,0,14,0,2,-5,-7,-20,-7,-9,0,-20,7,9,8,8,17,0,8,0,28,0,0,0,0,0,16,0,29,0,7,0,0,0,0,0,190,170,1417,1397,29993,29994,29998,29999]} 1. d4 Nf6 2. Nf3 e6 3. Nbd2 d5 4. e3 Bd6 5. Bd3 O-O (5... Nbd7 6. c4 b6 7. e4 dxe4 8. Nxe4 Bb4+ 9. Bd2 Bxd2+ 10. Qxd2 Bb7 11. Qe3 O-O 12. Nxf6+ Nxf6 13. Ne5 Nd7 14. Nxd7 Qxd7 {½-½ (46) Kramnik,V (2812)-Wojtaszek,R (2736) Dortmund 2017}) 6. b3 {D05: Colle System with ...e6} b6 7. Qe2 Bb7 8. Bb2 {The position is equal.} Nbd7 $146 ({Predecessor:} 8... a5 9. a3 Nbd7 10. O-O Ne4 11. Ne5 f5 12. f3 Nxd2 13. Qxd2 Nxe5 14. dxe5 {1-0 (49) Kernetsky,M (2009)-De Groot,S (1680) Winnipeg 2009}) 9. Ne5 Ne4 10. O-O Nxd2 11. Qxd2 c5 12. Rad1 Qc7 {[%cal Rd7e5]} 13. f4 Rac8 14. c3 Nf6 15. c4 Rfd8 16. Qe2 dxc4 (16... cxd4 {seems wilder.} 17. exd4 Ne4 18. Rc1 Qe7 19. g3 f6) 17. bxc4 Be4 18. Bxe4 Nxe4 19. d5 exd5 20. Rxd5 Nf6 21. Rd3 a6 22. Rfd1 Bf8 23. a4 Rxd3 24. Qxd3 Be7 25. Qe2 h5 26. Rd3 Qb7 27. Nf3 Qc6 28. Ng5 Qxa4 29. e4 {With the idea e5.} b5 $2 {[#]} (29... Re8 $11 {and Black is okay.}) 30. e5 $18 Ne8 $2 (30... Qa2) 31. e6 f6 32. Qxh5 fxg5 33. Qf7+ {[%mdl 64] Double Attack. Accuracy: White = 42%, Black = 45%.} 1-0